Formación de adultos

Saved in:
Bibliografiske detaljer
Main Authors: Jabonero, Mariano (Author), López, Inmaculada (Author), Nieves, Remedios (Author)
Format: Bog
Sprog:spansk
Udgivet: Madrid Síntesis Educación 1999
Serier:Didáctica y Organización Escolar, 7
Fag:
Tags: Tilføj Tag
Ingen Tags, Vær først til at tagge denne postø!

MARC

LEADER 00000nam a2200000 a 4500
001 UCH2635
003 CL-VaPUC
008 090618e19990000SP |||||||||||||||||spa|d
020 |a 8477386579 
082 0 4 |a 374  |b JAB  |2 21 
100 0 |a Jabonero, Mariano  |e author  |9 537599 
700 0 |a López, Inmaculada  |e author  |9 537600 
700 0 |a Nieves, Remedios  |e author  |9 537601 
245 1 0 |a Formación de adultos 
300 |a 190 p 
942 |c BK 
945 |d 20090618 00:00:00  |a dcastane 
260 |a Madrid  |b Síntesis Educación  |c 1999 
650 0 |a Educación de adultos  |9 307580 
651 0 |a España  |9 254926 
583 |a last modification  |c 20090618 00:00:00  |k Rodrigo Vera 
490 0 |a Didáctica y Organización Escolar, 7 
999 |c 334357  |d 334355 
952 |0 0  |1 0  |4 0  |6 374_000000000000000_JAB_1999  |7 0  |8 A  |9 423335  |a BIBEDU  |b BIBEDU  |d 2019-11-22  |i 4563549  |o 374 JAB 1999  |p 4563549  |r 2019-11-22  |w 2019-11-22  |y BK  |k PAR